000 00826nam a2200217 i 4500
001 133697
003 ES-MaACL
005 20251223063020.0
007 t|
008 070827s1979 fr |||| | fre d
080 _a821.133.1-2
100 0 _aHofmannsthal, Hugo von
_963966
245 1 3 _aLe chevalier áa la rose et autres pièces /
_cHugo von Hofmannsthal ; traduit de l'allemand par Colette Rouselle ... [et al.] ; préface de Henri Thomas.
260 _aParis :
_bGallimard,
_c[1979]
300 _a430 p. ;
_c21 cm.
505 8 _aContiene: ;
_tLa mort du Titien ;
_tLa mort et le fou ;
_tÉlectre ;
_tJedermann ;
_tLa tour
700 1 _aRouselle, Colette.
_9100047
700 1 _aThomas, Henri.
_9110017
852 _aES-MaACL
_jE-12030
_z. - Biblioteca Jacinto Martínez Lacalle
999 _c133697
_d133697